[Event "1st FIDE OWCCCC Pools-East 2021"]
[Site "Online"]
[Date "2021.02.19"]
[Round "3.10"]
[White "Furtak, Joanna"]
[Black "Tuvshinbaatar, Dondovdorj"]
[Result "1/2-1/2"]
[WhiteElo "1868"]
[BlackElo "2180"]
[Annotator "TA"]
[PlyCount "172"]
[EventDate "2021.02.19"]
[EventType "team-tourn"]
[EventCountry "NET"]
[SourceTitle "playchess.com"]
[Source "ChessBase"]
[SourceQuality "1"]

1. e4 d6 2. d4 Nf6 3. Nc3 Nbd7 4. f3 e5 5. Be3 Be7 6. Qd2 c6 7. O-O-O b5 8. g4 Nb6 9. g5 Nfd7 10. d5 b4 11. dxc6 bxc3 12. cxd7+ Bxd7 13. Qxc3 Rc8 14. Qd2 Nc4 15. Bxc4 Rxc4 16. Ne2 a5 17. Nc3 a4 18. Nd5 Be6 19. Qd3 Bxd5 20. Qxd5 Qc7 21. Qb5+ Rc6 22. Qxa4 O-O 23. c3 Qb7 24. Qb3 Qa6 25. Rd2 Ra8 26. a3 Qc8 27. h4 Rb8 28. Qc2 Qe6 29. h5 Qa2 30. Kd1 Rc7 31. Ke2 Rcb7 32. b4 Qxa3 33. Qb2 Qa6+ 34. Kf2 Qc4 35. Rc1 Rc8 36. Qa2 Rxb4 37. Qxc4 Rbxc4 38. Rdc2 Kf8 39. Ke2 Ke8 40. Kd3 Kd7 41. Rg1 Bd8 42. g6 hxg6 43. hxg6 f6 44. Ra1 Ke6 45. Ra7 R4c7 46. Rxc7 Bxc7 47. Ra2 Bd8 48. Ra7 Rc7 49. Ra8 Rd7 50. Ra6 f5 51. Bc5 Be7 52. Ba3 Kf6 53. c4 Kg5 54. Ke3 Kxg6 55. c5 f4+ 56. Ke2 Kf7 57. cxd6 Bf8 58. Bc5 Ke6 59. Ra7 Rxa7 60. Bxa7 Bxd6 61. Bb6 g5 62. Bd8 Be7 63. Ba5 Kd7 64. Be1 Ke6 65. Bd2 Kf6 66. Bc3 Bd6 67. Ba5 Kg6 68. Kf2 Kh5 69. Kg2 Bc5 70. Bc7 Bd4 71. Bd6 g4 72. Be7 gxf3+ 73. Kxf3 Kg6 74. Bd6 Kf7 75. Bb8 Ke6 76. Bc7 Kd7 77. Ba5 Kc6 78. Be1 Kb5 79. Bh4 Kc4 80. Bf6 Kd3 81. Be7 Bc3 82. Bf6 Bd4 83. Bg5 Bc3 84. Bxf4 exf4 85. Kxf4 Bd4 86. e5 Bxe5+ 1/2-1/2

[Event "1st FIDE OWCCCC Pools-East 2021"]
[Site "Online"]
[Date "2021.02.19"]
[Round "3.10"]
[White "vmaric"]
[Black "Pancevski, Filip"]
[Result "0-1"]
[WhiteElo "1836"]
[BlackElo "2519"]
[Annotator "TA"]
[PlyCount "92"]
[EventDate "2021.02.19"]
[EventType "team-tourn"]
[EventCountry "NET"]
[SourceTitle "playchess.com"]
[Source "ChessBase"]
[SourceQuality "1"]

1. e4 d6 2. d4 Nf6 3. Nc3 e5 4. Nf3 Nbd7 5. Bc4 Be7 6. O-O O-O 7. Re1 a6 8. a4 b6 9. Bg5 c6 10. dxe5 Nxe5 11. Nxe5 dxe5 12. Qe2 Nd7 13. Be3 Bc5 14. Red1 Qe7 15. Rd2 Bb4 16. Rdd1 Bb7 17. Na2 Bc5 18. Nc3 Bxe3 19. Qxe3 b5 20. axb5 axb5 21. Rxa8 Rxa8 22. Bd3 Nc5 23. Ne2 g6 24. h3 Kg7 25. Kh2 Ne6 26. c3 h5 27. Bc2 c5 28. b3 Ra2 29. Qc1 Bc6 30. Ng3 Qf6 31. Qb1 Ra7 32. Rf1 Nf4 33. Bd1 h4 34. Ne2 Nxe2 35. Bxe2 Qf4+ 36. g3 hxg3+ 37. fxg3 Qxe4 38. Qxe4 Bxe4 39. Bf3 Ra2+ 40. Kg1 Bd3 41. Re1 f6 42. Bd5 c4 43. bxc4 bxc4 44. Rc1 f5 45. g4 Kf6 46. Bg8 e4 0-1

[Event "1st FIDE OWCCCC Pools-East 2021"]
[Site "Online"]
[Date "2021.02.19"]
[Round "3.11"]
[White "Dimovski, Nikola"]
[Black "Liefrink, Feike"]
[Result "1-0"]
[WhiteElo "2405"]
[BlackElo "1891"]
[Annotator "TA"]
[PlyCount "87"]
[EventDate "2021.02.19"]
[EventType "team-tourn"]
[EventCountry "NET"]
[SourceTitle "playchess.com"]
[Source "ChessBase"]
[SourceQuality "1"]

1. c4 Nf6 2. Nc3 e5 3. g3 d6 4. Bg2 Be7 5. e4 O-O 6. Nge2 c6 7. O-O Be6 8. b3 Qc8 9. d4 Bh3 10. Ba3 Bxg2 11. Kxg2 Qc7 12. Qd2 Nbd7 13. dxe5 Nxe5 14. f4 Ng6 15. Rad1 Rad8 16. Nd4 d5 17. Bxe7 Nxe7 18. e5 Ng4 19. Qe2 Nh6 20. e6 f5 21. h3 a6 22. Nf3 b5 23. cxd5 Nxd5 24. Nxd5 Rxd5 25. Rxd5 cxd5 26. e7 Re8 27. Qe6+ Kh8 28. Qxa6 Rxe7 29. Qxb5 Qc2+ 30. Rf2 Qe4 31. Kh2 d4 32. Ne5 Ng8 33. Re2 Qa8 34. Qc4 Nf6 35. Ng6+ hxg6 36. Rxe7 Qxa2+ 37. Re2 Qa1 38. Rd2 Ne4 39. Qxd4 Qe1 40. Rg2 Kh7 41. b4 Nc3 42. h4 Nd1 43. Qd2 Qf1 44. Qe2 1-0

[Event "1st FIDE OWCCCC Pools-East 2021"]
[Site "Online"]
[Date "2021.02.19"]
[Round "3.11"]
[White "Zigo, Viktor"]
[Black "x1ffe"]
[Result "1-0"]
[WhiteElo "2214"]
[BlackElo "1363"]
[Annotator "TA"]
[PlyCount "85"]
[EventDate "2021.02.19"]
[EventType "team-tourn"]
[EventCountry "NET"]
[SourceTitle "playchess.com"]
[Source "ChessBase"]
[SourceQuality "1"]

1. e4 c5 2. Nf3 d6 3. g3 Nf6 4. d3 e6 5. Bg2 Be7 6. O-O O-O 7. Re1 a6 8. c3 Nc6 9. d4 cxd4 10. cxd4 b5 11. d5 Ne5 12. Nxe5 dxe5 13. Nc3 Qc7 14. Be3 Rd8 15. Rc1 Qa5 16. Qb3 h6 17. h3 Rb8 18. dxe6 Bxe6 19. Nd5 Kh8 20. Red1 b4 21. Rd2 Qb5 22. Qd1 Bxd5 23. exd5 Rd7 24. d6 Bf8 25. Rc5 Qb6 26. Rxe5 Qd8 27. Bc5 Ne8 28. Bc6 Nf6 29. Bxd7 Nxd7 30. Red5 Nf6 31. R5d3 Ne4 32. Rc2 Rb5 33. Be3 Qd7 34. Qg4 f5 35. Qg6 Re5 36. Rc7 Qd8 37. Bxh6 Qf6 38. Bxg7+ Bxg7 39. Rc8+ Bf8 40. Qxf6+ Nxf6 41. Rxf8+ Kg7 42. Rxf6 Kxf6 43. d7 1-0

[Event "1st FIDE OWCCCC Pools-East 2021"]
[Site "Online"]
[Date "2021.02.19"]
[Round "3.11"]
[White "Amgalan, Ganbaatar"]
[Black "Czyzykiewicz, Rafal"]
[Result "0-1"]
[WhiteElo "1949"]
[BlackElo "1745"]
[Annotator "TA"]
[PlyCount "104"]
[EventDate "2021.02.19"]
[EventType "team-tourn"]
[EventCountry "NET"]
[SourceTitle "playchess.com"]
[Source "ChessBase"]
[SourceQuality "1"]

1. d4 Nf6 2. Bf4 c5 3. e3 cxd4 4. exd4 d5 5. Nf3 Nc6 6. c3 Bg4 7. Nbd2 Qb6 8. Qb3 Bxf3 9. Nxf3 Qxb3 10. axb3 a5 11. Bb5 e6 12. Ne5 Bd6 13. Nxc6 Bxf4 14. Nxa5+ Ke7 15. O-O Ra7 16. b4 Rha8 17. g3 Bd2 18. Rfd1 Bh6 19. Bd3 Kd7 20. Kf1 b6 21. Nb3 Rxa1 22. Nxa1 g6 23. Nc2 Kd6 24. Na3 Nd7 25. Bb5 Nf6 26. f3 Ng8 27. Ke2 Ne7 28. Bd3 Bg7 29. Ra1 Kc6 30. Bb5+ Kb7 31. Rd1 Nf5 32. Bd3 Nd6 33. h4 h5 34. g4 hxg4 35. fxg4 Rh8 36. Rh1 Bf6 37. h5 gxh5 38. gxh5 Bg5 39. Kf3 Kc7 40. Nb5+ Nxb5 41. Bxb5 Kd6 42. Kg4 Bh6 43. Kf3 Ra8 44. Rh2 Ra1 45. Bd3 Rd1 46. Bc2 Rf1+ 47. Kg4 f5+ 48. Kh3 Rf3+ 49. Kg2 Re3 50. Bd1 e5 51. dxe5+ Kxe5 52. Kf2 Rd3 0-1

[Event "1st FIDE OWCCCC Pools-East 2021"]
[Site "Online"]
[Date "2021.02.19"]
[Round "3.11"]
[White "Ali Rached, Fodil"]
[Black "Vasiliev, Vasiliy"]
[Result "0-1"]
[WhiteElo "1063"]
[BlackElo "1965"]
[Annotator "TA"]
[PlyCount "62"]
[EventDate "2021.02.19"]
[EventType "team-tourn"]
[EventCountry "NET"]
[SourceTitle "playchess.com"]
[Source "ChessBase"]
[SourceQuality "1"]

1. d4 Nf6 2. c4 g6 3. Nc3 Bg7 4. e4 d6 5. f3 O-O 6. Be3 c5 7. Nge2 Nc6 8. Qd2 b6 9. d5 Ne5 10. Ng3 e6 11. Rd1 exd5 12. Nxd5 Nxd5 13. Qxd5 Be6 14. Qxd6 Qxd6 15. Rxd6 Bxc4 16. b3 Bxf1 17. Kxf1 Rfc8 18. Rd1 c4 19. bxc4 Nxc4 20. Bf4 b5 21. Kf2 b4 22. Ne2 a5 23. Rb1 Na3 24. Rb3 Rc2 25. Rc1 Rxa2 26. Rc7 Nb5 27. Rb7 Rxe2+ 28. Kxe2 Nd4+ 29. Kd3 Nxb3 30. Kc2 Nc5 31. Rc7 Ne6 0-1

[Event "1st FIDE OWCCCC Pools-East 2021"]
[Site "Online"]
[Date "2021.02.19"]
[Round "3.12"]
[White "Obolentseva, Alexandra"]
[Black "Hron, Robert"]
[Result "1-0"]
[WhiteElo "2297"]
[BlackElo "2009"]
[Annotator "TA"]
[PlyCount "109"]
[EventDate "2021.02.19"]
[EventType "team-tourn"]
[EventCountry "NET"]
[SourceTitle "playchess.com"]
[Source "ChessBase"]
[SourceQuality "1"]

1. d4 d5 2. c4 e6 3. Nc3 c6 4. Nf3 dxc4 5. a4 Bb4 6. e4 b5 7. Bd2 a5 8. axb5 Bxc3 9. Bxc3 cxb5 10. b3 Bb7 11. bxc4 b4 12. Bb2 Bxe4 13. d5 Nf6 14. dxe6 Qxd1+ 15. Kxd1 Bxf3+ 16. gxf3 fxe6 17. Bh3 Kf7 18. Re1 Re8 19. Ra4 Nbd7 20. Bd4 e5 21. Be3 Red8 22. Kc2 Rdc8 23. Kb3 Nc5+ 24. Bxc5 Rxc5 25. Rea1 e4 26. Rxb4 exf3 27. Rb7+ Kf8 28. Rg1 g6 29. Rg3 a4+ 30. Kb4 Rc6 31. Ka3 Nh5 32. Rxf3+ Rf6 33. Rxf6+ Nxf6 34. c5 Ne4 35. c6 Nd6 36. Rb4 Ra6 37. c7 Rc6 38. Rb8+ Kg7 39. c8=Q Nxc8 40. Rxc8 Rxc8 41. Bxc8 Kf6 42. Kxa4 Ke5 43. Bb7 g5 44. Kb3 g4 45. Kc3 Kf4 46. Kd2 h5 47. Ke2 h4 48. Bg2 Kf5 49. Ke3 Ke5 50. h3 g3 51. f4+ Kf5 52. Kf3 Kf6 53. Kg4 Kg6 54. Kxh4 Kf5 55. Kxg3 1-0

[Event "1st FIDE OWCCCC Pools-East 2021"]
[Site "Online"]
[Date "2021.02.19"]
[Round "3.12"]
[White "Kabanova, Ekaterina"]
[Black "Afraoui, Solenn"]
[Result "1-0"]
[WhiteElo "2138"]
[BlackElo "1889"]
[Annotator "TA"]
[PlyCount "53"]
[EventDate "2021.02.19"]
[EventType "team-tourn"]
[EventCountry "NET"]
[SourceTitle "playchess.com"]
[Source "ChessBase"]
[SourceQuality "1"]

1. c4 Nf6 2. Nf3 e6 3. e3 b6 4. Qc2 Bb7 5. Be2 Be7 6. a3 O-O 7. b4 a5 8. bxa5 Rxa5 9. Bb2 d5 10. h4 Nbd7 11. d3 Qa8 12. Rh3 Nc5 13. Rg3 dxc4 14. Qxc4 Ra4 15. Qc2 Bd5 16. Nbd2 Rd8 17. e4 Bc6 18. Ne5 Bb5 19. Nec4 Kh8 20. h5 h6 21. Ne5 Kg8 22. Ndc4 Ra7 23. Qc1 Ncd7 24. Qxh6 Bf8 25. Nxd7 Rxd7 26. Bxf6 Bxc4 27. Rxg7+ 1-0

[Event "1st FIDE OWCCCC Pools-East 2021"]
[Site "Online"]
[Date "2021.02.19"]
[Round "3.12"]
[White "Spalt, Bernhard"]
[Black "Rjanova, Valery"]
[Result "0-1"]
[WhiteElo "1954"]
[BlackElo "2178"]
[Annotator "TA"]
[PlyCount "80"]
[EventDate "2021.02.19"]
[EventType "team-tourn"]
[EventCountry "NET"]
[SourceTitle "playchess.com"]
[Source "ChessBase"]
[SourceQuality "1"]

1. c4 g6 2. g3 Bg7 3. Bg2 Nf6 4. Nc3 O-O 5. e4 d6 6. d3 Nc6 7. Nge2 a6 8. O-O Rb8 9. Bg5 h6 10. Bd2 b5 11. cxb5 axb5 12. d4 b4 13. Nd5 Ba6 14. Nxf6+ Bxf6 15. Bxh6 Re8 16. d5 Na5 17. Rb1 c5 18. Re1 Nc4 19. b3 Na3 20. Rc1 Bb2 21. Qd2 Bxc1 22. Nxc1 Nb5 23. Ne2 f6 24. Bh3 Bc8 25. Bxc8 Qxc8 26. Nf4 Kh7 27. Ne6 Nc7 28. Nxc7 Qxc7 29. h4 e5 30. f4 Kxh6 31. fxe5+ Kh7 32. exf6 Qf7 33. Qg5 Re5 34. Qf4 Rf8 35. Rf1 Rfe8 36. Re1 Rf8 37. Rf1 g5 38. hxg5 Qh5 39. Kg2 Qxg5 40. Rh1+ Kg6 0-1

[Event "1st FIDE OWCCCC Pools-East 2021"]
[Site "Online"]
[Date "2021.02.19"]
[Round "3.12"]
[White "Dekker, Derk"]
[Black "Stojkovska, Monika"]
[Result "1-0"]
[WhiteElo "1907"]
[BlackElo "2106"]
[Annotator "TA"]
[PlyCount "85"]
[EventDate "2021.02.19"]
[EventType "team-tourn"]
[EventCountry "NET"]
[SourceTitle "playchess.com"]
[Source "ChessBase"]
[SourceQuality "1"]

1. d4 e6 2. e4 d5 3. Nd2 Nc6 4. exd5 exd5 5. Ngf3 Bg4 6. c3 Bd6 7. Bd3 Nge7 8. O-O Qd7 9. Qa4 f6 10. Qc2 Bf5 11. Re1 O-O 12. Nf1 Bxd3 13. Qxd3 Qf5 14. Qb5 a6 15. Qa4 b5 16. Qd1 Na5 17. b3 Rfe8 18. Ne3 Qd7 19. Bd2 Nac6 20. Qc2 Bf4 21. Rad1 Bxe3 22. Bxe3 a5 23. Bf4 a4 24. b4 Nd8 25. Bg3 c6 26. Re2 Nf7 27. Rde1 Ng6 28. h4 Nf8 29. h5 Nh6 30. Nh4 Kf7 31. Bf4 Rxe2 32. Rxe2 Qg4 33. g3 Qxh5 34. Bxh6 gxh6 35. Nf5 Ng6 36. Nd6+ Kf8 37. Re6 Qg5 38. Qe2 Nf4 39. Re8+ Rxe8 40. Qxe8+ Kg7 41. Qf7+ Kh8 42. Qf8+ Qg8 43. Nf7# 1-0

[Event "1st FIDE OWCCCC Pools-East 2021"]
[Site "Online"]
[Date "2021.02.19"]
[Round "3.12"]
[White "Drzewiecki, Sebastian"]
[Black "Gan-Od, Sereenen"]
[Result "0-1"]
[WhiteElo "1344"]
[BlackElo "2320"]
[Annotator "TA"]
[PlyCount "116"]
[EventDate "2021.02.19"]
[EventType "team-tourn"]
[EventCountry "NET"]
[SourceTitle "playchess.com"]
[Source "ChessBase"]
[SourceQuality "1"]

1. d4 Nf6 2. c4 g6 3. Nc3 Bg7 4. e4 O-O 5. Nf3 c5 6. d5 d6 7. Bd3 Na6 8. a3 Nc7 9. O-O a6 10. h3 Rb8 11. Rb1 b5 12. b4 bxc4 13. Bxc4 Nb5 14. Bxb5 axb5 15. bxc5 dxc5 16. Re1 b4 17. axb4 cxb4 18. Na2 Qa5 19. Qb3 Nxe4 20. Rxe4 Bf5 21. Rxb4 Rxb4 22. Qxb4 Qxa2 23. Rb3 Qa1 24. Qxe7 Qxc1+ 25. Kh2 Qc2 26. Rb7 Qe4 27. d6 Qf4+ 28. Kh1 Be4 29. d7 Bxb7 30. Qxf8+ Bxf8 31. d8=Q Bxf3 32. gxf3 Qxf3+ 33. Kg1 Qxh3 34. Qf6 Qe6 35. Qf3 h5 36. Kg2 Qg4+ 37. Qxg4 hxg4 38. Kg3 f5 39. Kf4 Bh6+ 40. Kg3 Kf7 41. Kh4 Kf6 42. Kg3 Bg5 43. Kh2 Bh4 44. Kg2 Kg5 45. f3 gxf3+ 46. Kxf3 Be1 47. Kg2 Ba5 48. Kh3 Bc7 49. Kg2 f4 50. Kf3 Kf5 51. Kg2 g5 52. Kf3 g4+ 53. Kg2 f3+ 54. Kf2 Kf4 55. Kg1 g3 56. Kf1 g2+ 57. Kg1 Bb6+ 58. Kh2 g1=Q+ 0-1

[Event "1st FIDE OWCCCC Pools-East 2021"]
[Site "Online"]
[Date "2021.02.19"]
[Round "3.13"]
[White "Matta, Vinay Kumar"]
[Black "Boumediene, Ahmed Amine"]
[Result "1-0"]
[WhiteElo "2305"]
[BlackElo "1102"]
[Annotator "TA"]
[PlyCount "47"]
[EventDate "2021.02.19"]
[EventType "team-tourn"]
[EventCountry "NET"]
[SourceTitle "playchess.com"]
[Source "ChessBase"]
[SourceQuality "1"]

1. e4 e5 2. Nf3 Nc6 3. Bb5 a6 4. Ba4 b5 5. Bb3 Nd4 6. Nxd4 exd4 7. O-O g6 8. e5 f5 9. exf6 Nxf6 10. Re1+ Be7 11. Qf3 Ra7 12. Qxf6 Rf8 13. Qxd4 c5 14. Qxc5 Rc7 15. Qe3 Rf5 16. Nc3 d6 17. d4 b4 18. Nd5 Rxd5 19. Bxd5 Rxc2 20. Bf7+ Kxf7 21. Qb3+ Be6 22. Qxe6+ Ke8 23. Bg5 Qd7 24. Qg8# 1-0

[Event "1st FIDE OWCCCC Pools-East 2021"]
[Site "Online"]
[Date "2021.02.19"]
[Round "3.13"]
[White "Tsichlis, Georgios"]
[Black "Nagy Wafa, Shahenda"]
[Result "0-1"]
[WhiteElo "2167"]
[BlackElo "2073"]
[Annotator "TA"]
[PlyCount "100"]
[EventDate "2021.02.19"]
[EventType "team-tourn"]
[EventCountry "NET"]
[SourceTitle "playchess.com"]
[Source "ChessBase"]
[SourceQuality "1"]

1. e4 c5 2. c3 d5 3. exd5 Qxd5 4. d4 Nf6 5. Nf3 Bg4 6. Be2 e6 7. h3 Bh5 8. O-O Nc6 9. Be3 Be7 10. c4 Qd8 11. dxc5 Qxd1 12. Rxd1 Ne4 13. Nc3 Nxc3 14. bxc3 Rd8 15. Rab1 Rxd1+ 16. Bxd1 Na5 17. Be2 O-O 18. g4 Bg6 19. Rb5 Bd8 20. Ne5 Bc2 21. Bf3 Bc7 22. Bd4 f6 23. Nd7 Rd8 24. Bxb7 Rxd7 25. c6 Rd8 26. Bxa7 Be4 27. f3 Bxf3 28. Bb6 Bxb6+ 29. Rxb6 Nxb7 30. cxb7 Rb8 31. Kf2 Rxb7 32. Rxe6 Bd1 33. Ke3 Kf7 34. Rd6 Ba4 35. Ra6 Bd7 36. Kd4 h5 37. c5 Rc7 38. gxh5 Bxh3 39. c6 Bg2 40. Kc5 f5 41. Kd6 Rxc6+ 42. Rxc6 Bxc6 43. Ke5 Bd7 44. a4 Ke7 45. Kf4 Kd6 46. Kg5 Kc5 47. Kg6 f4 48. Kxg7 Bf5 49. Kf6 Bc2 50. h6 f3 0-1

[Event "1st FIDE OWCCCC Pools-East 2021"]
[Site "Online"]
[Date "2021.02.19"]
[Round "3.13"]
[White "Chernikova, Iryna"]
[Black "Zawadzki, Stanislaw"]
[Result "0-1"]
[WhiteElo "1509"]
[BlackElo "2435"]
[Annotator "TA"]
[PlyCount "88"]
[EventDate "2021.02.19"]
[EventType "team-tourn"]
[EventCountry "NET"]
[SourceTitle "playchess.com"]
[Source "ChessBase"]
[SourceQuality "1"]

1. d4 d5 2. c4 c6 3. Nc3 Nf6 4. Bf4 dxc4 5. e4 b5 6. a4 b4 7. Na2 Nxe4 8. Nxb4 e5 9. Bd2 Qxd4 10. Qe2 Qxd2+ 11. Qxd2 Nxd2 12. Kxd2 Bxb4+ 13. Kd1 Be6 14. Nf3 f6 15. Rc1 Ke7 16. Bxc4 Rd8+ 17. Ke2 Bd5 18. Rhd1 a5 19. g3 Bxc4+ 20. Rxc4 Rxd1 21. Kxd1 Ra7 22. Ke2 Rd7 23. g4 Ke6 24. h4 c5 25. b3 Nc6 26. Rc1 Nd4+ 27. Nxd4+ Rxd4 28. f3 Kd5 29. h5 Bd2 30. Rc2 Bh6 31. Rc3 c4 32. bxc4+ Rxc4 33. Rd3+ Rd4 34. Rb3 Rxa4 35. Rd3+ Rd4 36. Ra3 a4 37. Kf2 Kc5 38. Ke2 Kb4 39. Ra1 a3 40. Rb1+ Kc3 41. Ra1 Kb2 42. Rf1 a2 43. Rh1 Rd2+ 44. Kf1 a1=Q# 0-1

[Event "1st FIDE OWCCCC Pools-East 2021"]
[Site "Online"]
[Date "2021.02.19"]
[Round "3.13"]
[White "Baskarane, Taraswinee"]
[Black "Antonenko, Vladimir"]
[Result "0-1"]
[WhiteElo "1447"]
[BlackElo "2391"]
[Annotator "TA"]
[PlyCount "184"]
[EventDate "2021.02.19"]
[EventType "team-tourn"]
[EventCountry "NET"]
[SourceTitle "playchess.com"]
[Source "ChessBase"]
[SourceQuality "1"]

1. e4 c5 2. c3 d5 3. exd5 Qxd5 4. d4 Nc6 5. Nf3 Bg4 6. Be2 cxd4 7. cxd4 e6 8. Nc3 Qd6 9. Be3 Nf6 10. h3 Bh5 11. O-O Be7 12. Ne1 Bxe2 13. Nxe2 O-O 14. Qb3 Qb4 15. Qxb4 Nxb4 16. a3 Nc6 17. Nd3 Nd5 18. Bd2 Rfd8 19. Ne5 Nxe5 20. dxe5 Rac8 21. Nc3 Nxc3 22. Bxc3 Rd5 23. Rad1 Rcd8 24. Rxd5 Rxd5 25. Re1 h5 26. Kf1 Kh7 27. Ke2 Kg6 28. Rd1 Rxd1 29. Kxd1 Kf5 30. Ke2 Ke4 31. g3 Bd8 32. h4 Bc7 33. f4 Bb6 34. a4 Bd4 35. Bxd4 Kxd4 36. Kd2 Ke4 37. Ke2 a5 38. b3 g6 39. Kf2 Kd3 40. Kf3 Kc3 41. g4 Kxb3 42. f5 hxg4+ 43. Kxg4 exf5+ 44. Kg5 f4 45. Kxf4 Kxa4 46. Kg5 b5 47. Kf6 b4 48. Kxf7 b3 49. e6 b2 50. e7 b1=Q 51. e8=Q+ Ka3 52. Qe7+ Qb4 53. Qg5 a4 54. Kxg6 Qe4+ 55. Kf7 Qc4+ 56. Kf6 Kb3 57. h5 a3 58. Ke7 a2 59. Qf6 Qc5+ 60. Kf7 Qxh5+ 61. Kg8 Qd5+ 62. Kg7 Qd7+ 63. Kh6 Qh3+ 64. Kg5 Qg3+ 65. Kh5 Qc3 66. Qe6+ Qc4 67. Qe3+ Kb4 68. Qd2+ Ka4 69. Qd1+ Ka3 70. Qd6+ Kb2 71. Qd2+ Kb3 72. Qd1+ Qc2 73. Qd5+ Kb4 74. Qb7+ Ka3 75. Qe7+ Kb2 76. Qe5+ Qc3 77. Qe2+ Kb1 78. Qd1+ Kb2 79. Qe2+ Kb3 80. Qb5+ Qb4 81. Qd3+ Qc3 82. Qb5+ Ka3 83. Qa6+ Kb2 84. Qb5+ Kc1 85. Qf1+ Kc2 86. Qe2+ Qd2 87. Qc4+ Kb2 88. Qb5+ Kc1 89. Qc4+ Qc2 90. Qf4+ Qd2 91. Qc4+ Kb2 92. Qb5+ Kc3 0-1

[Event "1st FIDE OWCCCC Pools-East 2021"]
[Site "Online"]
[Date "2021.02.19"]
[Round "3.14"]
[White "Zawadzka, Jolanta"]
[Black "Touzane, Olivier"]
[Result "0-1"]
[WhiteElo "2399"]
[BlackElo "2276"]
[Annotator "TA"]
[PlyCount "62"]
[EventDate "2021.02.19"]
[EventType "team-tourn"]
[EventCountry "NET"]
[SourceTitle "playchess.com"]
[Source "ChessBase"]
[SourceQuality "1"]

1. e4 e6 2. d4 d5 3. Nc3 Nf6 4. e5 Nfd7 5. f4 c5 6. Nf3 Nc6 7. Be3 cxd4 8. Nxd4 Qb6 9. Qd2 Qxb2 10. Rb1 Qa3 11. Bb5 Nxd4 12. Bxd4 a6 13. Rb3 Qe7 14. Bxd7+ Bxd7 15. Rxb7 Rc8 16. O-O Qd8 17. f5 exf5 18. Rb6 Bc5 19. Bxc5 Rxc5 20. Rxa6 Qc8 21. Ra3 Be6 22. Rb1 O-O 23. Rb2 Qc7 24. Qe3 d4 25. Qxd4 Rd8 26. Qe3 f4 27. Qe1 Rxe5 28. Qf2 Re3 29. Qh4 h6 30. Rb1 Rd2 31. Nb5 Qc6 0-1

[Event "1st FIDE OWCCCC Pools-East 2021"]
[Site "Online"]
[Date "2021.02.19"]
[Round "3.14"]
[White "Zohaib Hassan, Mohamed"]
[Black "Stamos, Filippos"]
[Result "0-1"]
[WhiteElo "2275"]
[BlackElo "2152"]
[Annotator "TA"]
[PlyCount "66"]
[EventDate "2021.02.19"]
[EventType "team-tourn"]
[EventCountry "NET"]
[SourceTitle "playchess.com"]
[Source "ChessBase"]
[SourceQuality "1"]

1. d4 Nf6 2. Nf3 d5 3. Bf4 c5 4. c3 Qb6 5. Qb3 Nc6 6. dxc5 Qxc5 7. e3 e6 8. Bb5 Be7 9. Nbd2 O-O 10. O-O Bd7 11. Bxc6 Bxc6 12. Ne5 Bb5 13. Rfe1 Rfd8 14. a4 Bc6 15. Nxc6 bxc6 16. Qc2 Bd6 17. Bxd6 Qxd6 18. Nf3 h6 19. c4 Ne4 20. Rab1 Rab8 21. Nd4 Rb4 22. cxd5 cxd5 23. Nb5 Qa6 24. b3 Rc8 25. Qe2 Qb6 26. f3 Nc3 27. Nxc3 Rxc3 28. Kh1 Rbxb3 29. Rxb3 Qxb3 30. a5 Rc2 31. Qd1 Qa2 32. Rg1 Rc3 33. Qd4 Qxa5 0-1

[Event "1st FIDE OWCCCC Pools-East 2021"]
[Site "Online"]
[Date "2021.02.19"]
[Round "3.14"]
[White "Shlauzer, Andrey"]
[Black "Srija, Seshadri"]
[Result "0-1"]
[WhiteElo "2122"]
[BlackElo "2219"]
[Annotator "TA"]
[PlyCount "72"]
[EventDate "2021.02.19"]
[EventType "team-tourn"]
[EventCountry "NET"]
[SourceTitle "playchess.com"]
[Source "ChessBase"]
[SourceQuality "1"]

1. e4 e5 2. Nf3 Nc6 3. Bb5 a6 4. Ba4 Nge7 5. O-O g6 6. c3 Bg7 7. d4 exd4 8. cxd4 b5 9. Bb3 d6 10. h3 O-O 11. Nc3 Na5 12. Bc2 c5 13. Bg5 h6 14. Bh4 Nac6 15. dxc5 dxc5 16. Nd5 g5 17. Bg3 Nxd5 18. exd5 Nb4 19. d6 Bb7 20. Bf5 Qf6 21. Bg4 Qxb2 22. Rc1 f5 23. Bh5 f4 24. Bh2 c4 25. h4 Nd3 26. Rb1 Qf6 27. hxg5 hxg5 28. a4 Bc6 29. axb5 axb5 30. g3 fxg3 31. fxg3 Qxd6 32. g4 Qc5+ 33. Kg2 Ra2+ 34. Kh3 Nf2+ 35. Rxf2 Qxf2 36. Bg3 Qg2# 0-1

[Event "1st FIDE OWCCCC Pools-East 2021"]
[Site "Online"]
[Date "2021.02.19"]
[Round "3.14"]
[White "Blodig, Constantin"]
[Black "Pandey Shourya"]
[Result "1/2-1/2"]
[WhiteElo "2105"]
[BlackElo "1585"]
[Annotator "TA"]
[PlyCount "118"]
[EventDate "2021.02.19"]
[EventType "team-tourn"]
[EventCountry "NET"]
[SourceTitle "playchess.com"]
[Source "ChessBase"]
[SourceQuality "1"]

1. e4 e5 2. Nf3 Nf6 3. Nc3 Nc6 4. Bb5 Bc5 5. O-O d6 6. d4 exd4 7. Nxd4 Bd7 8. Nxc6 bxc6 9. Bc4 O-O 10. Bg5 Qe7 11. Qf3 Bd4 12. Rad1 Qe5 13. Bxf6 Qxf6 14. Qd3 Bxc3 15. Qxc3 Qxc3 16. bxc3 Rfe8 17. f3 Rab8 18. Rb1 Kf8 19. Rb3 f6 20. Rfb1 Rb6 21. Kf2 Ke7 22. g3 Reb8 23. Ke3 a5 24. Rxb6 cxb6 25. a4 b5 26. axb5 cxb5 27. Bd5 Be6 28. Kd4 Bxd5 29. Kxd5 Kd7 30. c4 b4 31. Ra1 Ra8 32. Ra4 g6 33. h4 h6 34. f4 g5 35. hxg5 fxg5 36. e5 dxe5 37. fxe5 h5 38. c5 h4 39. c6+ Ke7 40. gxh4 gxh4 41. e6 h3 42. c7 Rc8 43. Kc6 h2 44. Ra1 Rh8 45. Kb7 Kxe6 46. c8=Q+ Rxc8 47. Kxc8 a4 48. Rh1 Kd5 49. Rxh2 Kc4 50. Kc7 Kc3 51. Kc6 a3 52. Kc5 a2 53. Rh1 b3 54. cxb3 Kxb3 55. Kb5 Kb2 56. Kb4 a1=Q 57. Rh2+ Kc1 58. Rh1+ Kb2 59. Rxa1 Kxa1 1/2-1/2

[Event "1st FIDE OWCCCC Pools-East 2021"]
[Site "Online"]
[Date "2021.02.19"]
[Round "3.14"]
[White "_ERG_Mazunin"]
[Black "Mauuary, Etienne"]
[Result "1-0"]
[WhiteElo "1992"]
[BlackElo "2043"]
[Annotator "NA RC"]
[PlyCount "73"]
[EventDate "2021.02.19"]
[EventType "team-tourn"]
[EventCountry "NET"]
[SourceTitle "playchess.com"]
[Source "ChessBase"]
[SourceQuality "1"]

1. d4 d5 2. Nf3 e6 3. Bf4 Nf6 4. Nbd2 c5 5. e3 Nc6 6. c3 Be7 7. Bd3 O-O 8. Ne5 Nxe5 9. dxe5 Nd7 10. Qh5 g6 11. Qe2 c4 12. Bc2 b5 13. a3 a5 14. Nf3 Ba6 15. h4 b4 16. h5 bxa3 17. bxa3 Rb8 18. Ra2 Nc5 19. O-O Nd3 20. Bh6 Re8 21. Nd4 Qc7 22. f4 Bf8 23. Bxf8 Rxf8 24. Qg4 Rb6 25. Qg5 Qd8 26. Qg4 Qe7 27. a4 Rfb8 28. Kh2 Bb7 29. Kg3 Bc6 30. Rh1 Qf8 31. hxg6 hxg6 32. Raa1 Bd7 33. Rh2 Rb2 34. Rah1 Qg7 35. Qg5 Rxc2 36. Nxc2 Rb2 37. Qd8+ 1-0